Quizzes
Events
Quiz Creation
Community
Videos
Private Events
Remove Ads
Sign In
Join for FREE
Feedback
Dark Mode
Quiz Categories
Sports
Geography
Music
Movies
Television
Just For Fun
Miscellaneous
History
Literature
Language
Science
Gaming
Entertainment
Religion
Holiday
For Kids
Quiz Lab
Recent
Popular Today
Quiz Kudos Today
Editor Picks
Curator Picks
Quizzes by...
Day
Popularity
Type
Ratings
Length
Year
Community
Subscriptions
Recent Discussions
Orange Saloon
Badges
Playlists
Quests
Create
Leaderboards
Showdown
Live 5
Trivia Bingo
Activity
Puzzle Library
Sporcle Events
Private Events
Virtual Trivia
Globe League
Become a Host
Pub Owners
SporcleCon
Opinionation
Our Games
Videos
Blog
Mobile Apps
Partnerships
Remove Ads and Go Orange
Feedback
Sports
Athletes
MLB
NBA
NHL
NFL
Soccer
Sports Teams
WWE
NCAA
Football
Premier League
Basketball
Baseball
Hockey
Golf
Tennis
Cricket
Rugby
Auto Racing
Olympics
World Cup
Sports
Athletes
MLB
NBA
NHL
NFL
Soccer
Sports Teams
WWE
NCAA
Football
Premier League
Basketball
Baseball
Hockey
Golf
Tennis
Cricket
Rugby
Auto Racing
Olympics
World Cup
Random Quiz
Search Sporcle
×
Quiz Lab
Quiz Lab
Sports
NFL
Type in answers that appear in a list
Type in answers that appear in a list
Classic
Best Score? Go Orange.
NFL Comeback Player of the Year Stats
Can you name the NFL Comeback Players of the Year?
By
jtreich990
10m
38 Questions
310 Plays
310 Plays
310 Plays
Comments
Comments
Give Quiz Kudos
Give Quiz Kudos
-
- Ratings
hide this ad
Replay
Link that replays current quiz
Next Quiz
Link to next quiz in quiz playlist
You Got
0%
They Got
Avg Score
42%
Avg Friend Score
Upgrade to see
Score Distribution
Jump to the score distribution portion of the page
Score
0/38
Timer
10:00
0
Plays Today
Year
Player
% Correct
2006
Chad Pennington
96.1%
2008
Chad Pennington
96.1%
2005
Steve Smith
93.2%
2004
Drew Brees
85.5%
2005
Teddy Bruschi
78.1%
1994
Dan Marino
73.9%
2002
Tommy Maddox
69%
1992
Randall Cunningham
66.1%
1996
Jerome Bettis
64.8%
2003
Jon Kitna
63.9%
2001
Garrison Hearst
61.6%
1986
Joe Montana
59.7%
1998
Doug Flutie
53.5%
1974
Joe Namath
49%
1981
Ken Anderson
48.7%
1989
Ottis Anderson
48.7%
1995
Jim Harbaugh
45.2%
1983
Billy Johnson
40.3%
2000
Joe Johnson
40.3%
Year
Player
% Correct
1999
Bryant Young
40%
1993
Marcus Allen
39.7%
1987
Charles White
38.4%
1979
Larry Csonka
38.1%
1980
Jim Plunkett
32.9%
2007
Greg Ellis
31.3%
1997
Robert Brooks
27.1%
1984
John Stallworth
26.8%
1972
Earl Morrall
22.6%
1977
Craig Morton
21.3%
1986
Tommy Kramer
14.8%
1991
Jim McMahon
12.3%
1990
Barry Word
9.7%
1973
Roman Gabriel
7.4%
1976
Greg Landry
7.1%
1982
Lyle Alzado
6.8%
1988
Greg Bell
6.5%
1975
Dave Hampton
5.8%
1978
John Riggens
1.3%
Quiz Playlist
Details
Report
Send in Message
Add To Playlist
Classic:
Type in answers that appear in a list
Quiz Source
Last Updated: Feb 16, 2017
Quiz Scoreboard
CHALLENGE
Sign Up to Join the Scoreboard
Show All
Scores
Hide
Comments
May contain spoilers
Recently Published
Click the 1999 NBA Draft
by nibperrychub
Sports
2m
Alphabetical 'K' Countries by Flag Minefield
by ylime102
Geography
3m
Pick 6: Fruits
by JohnFran
Miscellaneous
15s
More to Explore
Quiz From the Vault
Featured Blog Post
15 Basketball Trivia Facts You Can Be March Mad About
hide this ad
You Might Also Like...
Tags
NFL Quiz
comeback
Player
team
Today's Top Quizzes in Sports
Browse Sports
hide this ad
Today's Top Quizzes in NFL
Browse NFL
Top Contributed Quizzes in Sports
1
Don't Strike Out: 3000 Strikeouts
2
MLB 2 truths and a lie: Hall of Fame pitchers
3
Pick 6: NFL Teams
4
Criteria MLB: Left Handed Sluggers
5
MLB Players with Two .350 Batting Average Seasons
6
2022 World Cup Stars
7
Les joueurs à 100 buts en Ligue 1 Uber Eats
8
Millionaire: NBA Finals Edition
9
Pick 6: Minor League Baseball
10
Last 10 Members of the 500 HR Club in Order
Explore More
Trending Topics
Harry Potter
NBA
Anime
Disney
Kpop
Marvel
Crossword
Country
Puzzle
NFL
Song
Pokémon
WWE
The Office
Soccer
hide this ad
More By:
jtreich990
Quiz
Plays
Rating
Category
Featured
Created
NFL Comeback Player of the Year
310
2.75
Sports
Sep 22, 2009
Go to Creator's Profile
Score Distribution
Quiz Creator Spotlight
jtreich990
Follow
Send a Message
Quizzes Created
-
Created Quiz Play Count
-
More By This Creator
Popular Quizzes Today
1
Find the US States - No Outlines Minefield
2
Countries of Asia Without Outlines Minefield
3
Pick 6: Fruits
4
The Countries of the World
5
Alphabetical 'K' Countries by Flag Minefield
6
Click the 1999 NBA Draft
7
Find the US States
8
Match the Book to the Film X
More Sports Quizzes
International Footballers: Join Up the Jamaicans
Quiz Lab
Trending Quizzes
Pick 6: Harry Potter
Pick 6: Mountains
Pick 6: NFL Teams
Pick 6: Movie Franchises
Pick 6: Golfers
Recently Updated
Women's Final Four Teams by Year
bhenderson79
Presidents Quartet II
eogle
Anything But Clue(do)
eogle
Anything But Oceanian Capitals
eogle
Anything But 7
eogle
Anything But Thing
eogle
Word Ladder: February 29
pecheneg
Song Title Questions
pecheneg
Women's NCAA Tournament #1 Seeds
pecheneg
Celebrity Mug Shots
pecheneg
Trending Topics
Crossword
Marvel
Anime
Disney
Harry Potter
NBA
Kpop
The Office
Pokémon
Soccer
Puzzle
Country
WWE
Song
NFL
Your Account Isn't Verified!
In order to create a playlist on Sporcle, you need to verify the email address you used during registration. Go to your
Sporcle Settings
to finish the process.
Report this User
Report this user for behavior that violates our
Community Guidelines
.
Details:
Send Report
Go to the Sporcle.com Mobile Site →
Comments